| 000 | 00653nam a2200193 i 4500 | ||
|---|---|---|---|
| 001 | 154426 | ||
| 003 | ES-MaACL | ||
| 005 | 20231223063110.0 | ||
| 008 | 170628s1907 sp |||| | spa d | ||
| 080 | _a821.134.2-31"18" | ||
| 100 | 1 |
_aValera, Juan, _d1824-1905 _9112638 |
|
| 245 | 1 | 0 |
_aMorsamor : _bperegrinaciones heroicas y lances de amor y fortuna de Miguel de Zuheros y Tiburcio de Simahonda : novelas / _cJuan Valera. |
| 260 |
_aMadrid : _bs.n.], _c1907 ( _fImp. Alemana) |
||
| 300 |
_a396 p. ; _c17 cm. |
||
| 490 | 1 |
_aObras completas ; _v11 |
|
| 830 | 1 |
_aObras completas ; _v11 _9176447 |
|
| 852 |
_aES-MaACL _jB-2856 |
||
| 999 |
_c154426 _d154426 |
||